Statistics for Rebus Puzzles

Click here to take the quiz!

General Stats

  • This quiz has been taken 1,229 times
  • The average score is 14 of 30

Answer Stats

RebusAnswer% Correct
M1LLIONOne in a million
83%
RADANCINGINDancing in the rain
78%
With or Witho tWith or Without You
78%
O2NETwo in one
75%
XQQQQQMEExcuse me
71%
ESIW KCOLCAnti clock wise
68%
CHIMADENAMade in China
67%
WHONCEILEOnce in a while
67%
BIG BIG IGNORE IGNOREToo big to ignore
66%
ESROH RidingHorse back riding
64%
TAESBackseat
59%
ECAPSBackspace
57%
A4IDForeign aid
54%
REC ORDBroken Record
52%
POD POD PODTripod
52%
important=importantEqually important
51%
Death ..... LifeLife after Death
48%
LANNNNGUAGEForeign Language
47%
FA STBreakfast
39%
GESTEAMNESteam Engine
37%
ABCDEFGHIJKLMNOPQRSTVWXYZMissing You
35%
YOU JUST MEJust between you and me
29%
VICE+VICEAdvice
26%
i'm YOUI'm smaller than you
24%
5Q + 5QThank you
24%
H I J K L M N OWater
24%
MARY + MARY + MARYSummary
10%
R+RSummer
10%
EVELORATElevator out of order
4%
ADNSTStand in alphabetical order
3%

Score Distribution

Percentile by Number Answered

Percent of People with Each Score

Your Score History

You have not taken this quiz